[Event "Ilmar Raud Memorial 2020"]
[Site "Viljandi"]
[Date "2020.07.08"]
[Round "4.2"]
[White "Neiksans, Arturs"]
[Black "Sepp, Olav"]
[Result "1-0"]
[WhiteElo "2557"]
[BlackElo "2410"]
[Annotator "TA"]
[PlyCount "65"]
[EventDate "2020.07.08"]
[EventCountry "EST"]
[SourceTitle "playchess.com"]
[Source "ChessBase"]
[SourceQuality "1"]

{[%evp 20,65,0,0,10,0,4,0,0,0,12,31,30,0,27,9,90,0,0,4,0,0,0,0,24,-144,-158,-151,-68,-81,-81,-84,-76,-81,-52,-52,0,0,10,15,61,12,400,369,826,822,1301,1269]} 1. d4 Nf6 2. c4 g6 3. Nf3 Bg7 4. g3 O-O 5. Bg2 c6 6. O-O d5 7. b3 dxc4 8. bxc4 c5 9. Bb2 cxd4 10. Nxd4 Qb6 11. Qc1 Bd7 {A49: 1 d4 Nf6 2 Nf3 g6 3 g3: Anti-King's Indian systems.} 12. Nd2 Nc6 13. e3 Rac8 {The position is equal.} 14. Bc3 Qc7 15. Qa3 Rfd8 {[#]} 16. Rab1 $146 ({Predecessor:} 16. Rac1 Ne8 17. Nb5 Qb8 18. Bxg7 Kxg7 19. Nb3 Nf6 20. Rfd1 h5 21. N5d4 h4 22. Nc5 {½-½ (56) Woodard,D (2405)-Walter,G (2435) ICCF email 2015}) 16... Be8 17. Rfc1 Nxd4 (17... Bf8 $11 {remains equal.}) 18. Bxd4 (18. exd4 $16 b6 19. d5) 18... Bc6 $1 $11 19. Bxc6 bxc6 20. Qa6 Ng4 21. Nf3 e5 22. Bxa7 $2 ({Better is} 22. Bc5 $11 Qd7 23. e4 (23. Qxa7 $2 Qf5 $19)) 22... Ra8 $1 $17 {[%cal Ra8a7]} 23. Rb7 {[#]} Qd6 (23... Qc8 $1 $17 {[%cal Rc8f5] White must now prevent ...Qf5.} 24. Rf1 e4) 24. c5 Qd5 {[%mdl 1024] Black has strong compensation.} 25. Qe2 {[#]} e4 $1 {[%cal Re4f3]} 26. Ne1 Ne5 27. a4 h5 (27... Rd7 $15 28. Rxd7 Nxd7) 28. Bb6 Nd3 29. Nxd3 exd3 30. Qd2 (30. Qf1 $5 {[%cal Rb6d8]} d2 31. Rd1 $11) 30... Rxa4 $2 {[%mdl 8192]} (30... Re8 $11 31. Rd1 Rxa4) 31. Bxd8 $18 Ra2 $2 {[#]} (31... Qxd8 32. Rb3 Ra8 33. Qxd3 Qxd3 34. Rxd3 Bf8) 32. e4 $1 Rxd2 (32... Qxe4 33. Qxa2) 33. exd5 {What a bad dream for Black. Accuracy: White = 71%, Black = 57%.} 1-0

[Event "Ilmar Raud Memorial 2020"]
[Site "Viljandi"]
[Date "2020.07.08"]
[Round "4.3"]
[White "Kuznetsov, Andrei S."]
[Black "Kulaots, Kaido"]
[Result "1/2-1/2"]
[WhiteElo "2220"]
[BlackElo "2524"]
[Annotator "TA"]
[PlyCount "80"]
[EventDate "2020.07.08"]
[EventCountry "EST"]
[SourceTitle "playchess.com"]
[Source "ChessBase"]
[SourceQuality "1"]

{[%evp 9,80,23,37,23,25,12,17,9,27,14,47,8,11,12,56,10,37,-14,-21,-46,0,0,0,0,28,26,39,0,0,-18,-18,-18,-16,-18,-18,-18,-18,-18,-18,-18,-18,-18,-18,-18,-18,-18,-11,-35,-27,-27,-27,-23,-28,-20,-20,-215,-82,-376,-215,-223,-202,-213,-188,-1071,-1208,-1267,-1327,-1313,-1297,-1257,-1032,-647,0]} 1. d4 Nf6 2. c4 g6 3. f3 Nc6 4. d5 Ne5 5. e4 d6 6. Nc3 {E60: King's Indian: Unusual lines and Fianchetto Variation without Nc3.} Bg7 7. f4 Ned7 8. Nh3 {The position is equal.} O-O 9. Be2 e6 10. O-O Nc5 11. Nf2 Re8 12. Bf3 e5 13. g3 {[#]} ({White should play} 13. fxe5 $14 Rxe5 14. Be3) 13... exf4 $146 ({Predecessor:} 13... a5 14. f5 gxf5 15. Bg5 f4 16. Ng4 Kh8 17. Kh1 Rg8 18. gxf4 exf4 19. Nh6 Bxh6 20. Bxh6 {½-½ (33) Wang,H (2678)-Mchedlishvili,M (2601) Subic Bay 2016}) 14. gxf4 Nfd7 15. Be3 f5 16. Bd4 Bxd4 17. Qxd4 Qf6 18. Qxf6 (18. Qd2 {seems wilder.} Nb6 19. b3 fxe4 20. Ncxe4 Nxe4 21. Nxe4 Qf8 22. Rae1) 18... Nxf6 19. Rae1 {And now e5 would win.} (19. Nb5 {keeps more tension.} Na6 20. exf5 Bxf5 21. Rae1 Nb4 22. Nxc7 Rxe1 23. Rxe1 Rc8 24. Nb5) 19... fxe4 20. Nfxe4 Nfxe4 21. Nxe4 Nxe4 22. Bxe4 Bd7 23. Kf2 Kf7 24. Re3 Kf6 25. Rfe1 a5 {[%cal Ba7a5,Ba5a4,Ba4a3][%mdl 32]} 26. Bd3 Rxe3 27. Rxe3 {[%mdl 4096] Endgame KRB-KRB} a4 28. Ke2 a3 29. b3 Re8 30. Rxe8 Bxe8 {KB-KB} 31. Ke3 Bd7 32. Be4 $2 {[#]} (32. h4 $1 $11 {and White is okay.}) 32... Bg4 (32... Bh3 $1 $19 {has better winning chances.} 33. Kd4 Bf5) 33. Bc2 $2 {[%mdl 8192]} (33. h4 $17 {was worth a try.}) 33... Bh3 (33... Bf5 $142 34. Be4 g5 35. Bxf5 Kxf5 36. fxg5 Kxg5) 34. Bd3 h6 35. Kf3 g5 36. Kg3 $2 (36. Be4) 36... Bf5 $19 {Black is clearly winning.} 37. fxg5+ Kxg5 38. Bxf5 Kxf5 39. Kf3 Ke5 40. Ke3 {[#]} b5 $2 {Accuracy: White = 60%, Black = 62%.} (40... h5 $1 $19 41. h4 Kf5) 1/2-1/2

[Event "Ilmar Raud Memorial 2020"]
[Site "Viljandi"]
[Date "2020.07.08"]
[Round "4.4"]
[White "Seeman, Tarvo"]
[Black "Nyysti, Sampsa"]
[Result "0-1"]
[WhiteElo "2415"]
[BlackElo "2336"]
[Annotator "TA"]
[PlyCount "77"]
[EventDate "2020.07.08"]
[EventCountry "EST"]
[SourceTitle "playchess.com"]
[Source "ChessBase"]
[SourceQuality "1"]

{[%evp 16,77,56,23,20,22,37,35,47,48,78,48,50,48,55,63,56,54,58,49,61,48,48,42,47,10,16,11,8,0,0,0,0,0,0,0,8,6,23,9,41,35,41,41,41,41,41,41,45,24,12,22,22,-7626,-7426,-6310,-6278,-29955,-29956,-12826,-5097,-29988,-29965,-29942]} 1. Nf3 Nf6 2. c4 b6 3. g3 c5 4. Bg2 Bb7 5. O-O e6 6. Nc3 d6 7. d4 cxd4 8. Qxd4 Be7 9. Bg5 O-O {A30: Symmetrical English: Double Fianchetto and Hedgehog.} 10. Rfd1 h6 11. Bxf6 Bxf6 {White is slightly better.} 12. Qf4 Na6 13. Rxd6 Qe7 14. Rad1 {[#] Threatens to win with Rd7.} Rfd8 $146 ({Predecessor:} 14... e5 15. Qe3 Nc5 16. b4 e4 17. Nh4 Bg5 18. Nf5 Qxd6 19. Nxd6 Bxe3 20. fxe3 Bc6 21. bxc5 bxc5 22. Ndxe4 Bxe4 23. Bxe4 {1-0 (45) Michiels,B (2536)-Sarrau,J (2363) Gent 2017}) 15. Rxd8+ Rxd8 16. Rxd8+ Qxd8 17. Ne5 g5 18. Qe3 Bxg2 19. Kxg2 Qc7 20. f4 (20. Ng4 {seems wilder.} Bg7 21. Qe4 Qc8 22. Ne3 f5 23. Qd3) 20... gxf4 21. gxf4 Bxe5 $1 22. fxe5 Qxc4 23. Qxh6 Qg4+ 24. Kf2 Qf5+ 25. Kg3 Qxe5+ 26. Qf4 Qg7+ 27. Qg4 f5 28. Qxg7+ Kxg7 $14 {[%mdl 4096] Endgame KN-KN} 29. Nb5 Nb4 $1 30. Nxa7 Nxa2 31. Nc8 b5 $1 32. Na7 b4 $1 33. Nc6 Nc3 {[%mdl 64] [#] Promotion} 34. bxc3 $2 {[%mdl 8192] This costs White the game.} (34. Nd4 $11 Ne4+ 35. Kf3) 34... b3 $19 35. Nd4 b2 36. Nxe6+ Kf6 37. Nf4 b1=Q 38. h3 Ke5 39. Nd3+ {Accuracy: White = 64%, Black = 91%.} 0-1

[Event "Ilmar Raud Memorial 2020"]
[Site "Viljandi"]
[Date "2020.07.08"]
[Round "4.5"]
[White "Kukk, Sander"]
[Black "Kanep, Meelis"]
[Result "1/2-1/2"]
[WhiteElo "2194"]
[BlackElo "2465"]
[Annotator "TA"]
[PlyCount "163"]
[EventDate "2020.07.08"]
[EventCountry "EST"]
[SourceTitle "playchess.com"]
[Source "ChessBase"]
[SourceQuality "1"]

{[%evp 9,163,-29,36,-29,-31,-79,-60,-66,-85,-92,-88,-100,-25,-201,-66,-58,-64,-72,-77,-76,-75,-66,-72,-56,-55,-68,-60,-103,-100,-115,-108,-106,-45,-98,-75,-102,-37,-39,-29,-53,-44,-94,-51,-51,-50,-52,-58,-85,0,0,0,0,3,8,0,0,0,0,0,0,-6,-22,-29,-55,-55,-55,-55,-55,-55,-70,-60,-60,-60,-70,-70,-70,-70,-86,-86,-86,-8,-8,-8,-8,-8,-8,-8,-86,-86,-86,-86,-86,-86,-86,-86,-86,-86,-86,-86,-86,-86,-86,-86,-86,-86,-86,-86,-86,-86,-86,0,-86,-86,-86,-86,-86,-86,-86,0,-86,-86,-86,-86,-86,-86,-86,0,0,0,0,0,0,0,0,0,0,0,0,0,0,0,0,0,0,0,0,0,0,0,0,0,0,0,0,0,0]} 1. b3 Nf6 2. Bb2 g6 3. e4 c5 4. e5 Nd5 5. Qf3 e6 (5... Nb4 $11 6. Bc4 e6) 6. Bc4 {A01: Nimzowitsch-Larsen Opening.} (6. Nc3 $14 Nxc3 7. dxc3 (7. Qxc3 Nc6 $11)) 6... Nb4 $11 {[#]} 7. Qe4 $146 ({Predecessor:} 7. Na3 Bg7 8. Nb5 O-O 9. O-O-O Nxa2+ 10. Kb1 Nb4 11. Qe3 Qa5 12. Nd6 N8c6 13. f4 {0-1 (26) Kabanov,N (2520)-Navara,D (2722) Khanty-Mansiysk 2011}) 7... Bg7 {[#] ...d5 is the strong threat.} 8. d4 {Black is slightly better.} cxd4 9. c3 dxc3 10. Nxc3 O-O (10... Qa5 $17 {aiming for ...0-0.} 11. Nf3 N4c6) 11. Rd1 $2 {[#]} (11. Nf3 $11) 11... d5 (11... Qa5 $1 $19 12. Rd2 N4c6) 12. exd6 $15 Nxa2 13. Nge2 Nxc3 14. Bxc3 Bxc3+ 15. Nxc3 Bd7 16. O-O Bc6 17. Qf4 Nd7 18. Ne2 Qf6 19. Qg3 Nb6 20. Nf4 Kh8 (20... Rad8 $17 21. Rfe1 Nxc4 22. bxc4 e5) 21. Rfe1 (21. Nd3 $15) 21... Nd7 22. Nd3 Rad8 ({Black should play} 22... a5 $17 23. Ne5 Nxe5 24. Rxe5 a4 25. bxa4 Bxa4) 23. Nb4 Nb6 {[%cal Bd7b6,Bb6d5,Bd5c3][%mdl 32]} 24. Nxc6 bxc6 25. Ba6 Nd5 26. Bb7 Qc3 27. Qxc3+ Nxc3 28. Rc1 Nb5 (28... Nd5 $17) 29. d7 $1 $11 Nd4 30. Bc8 $1 Nxb3 31. Rxc6 Nd4 $1 $36 {[%cal Rd4c6][%mdl 2048] Black is pushing.} 32. Rc7 Nb5 33. Rc6 {Strongly threatening Rd1.} a5 34. Ra6 Nc7 35. Rxa5 Nd5 36. Ra7 Nb6 $1 37. h4 Nxc8 38. dxc8=N Rxc8 $15 {[%mdl 4096] Endgame KRR-KRR} 39. Re3 h5 40. Rf3 Kg7 41. Re7 Rc5 42. g3 Rf5 43. Rxf5 gxf5 {KR-KR} 44. Kg2 f4 (44... Ra8 $17) 45. gxf4 $11 Kf6 46. Ra7 Rg8+ 47. Kh3 Rg4 48. f3 (48. Ra4 $11) 48... Rxf4 $17 49. Kg3 Rd4 (49... Rc4 {feels hotter.} 50. Ra6 Rb4 51. Ra8 Kg6 52. Rg8+ Kh7) 50. Ra6 Kf5 51. Ra8 f6 52. Rh8 Kg6 53. Rg8+ Kf7 54. Rh8 Kg7 55. Re8 e5 56. Ra8 Rd3 57. Ra4 Kg6 58. Rb4 Rd6 59. Rb5 Rd3 60. Rb4 $1 Kf5 61. Ra4 Rd7 62. Rb4 Rg7+ 63. Kf2 Rd7 {Threatens to win with ...Rd4.} 64. Kg3 $1 Rc7 65. Ra4 Rc3 66. Rb4 Kg6 67. Ra4 f5 ({Better is} 67... Rb3 $17 68. Kf2 Rb2+ 69. Kg3 Rc2) 68. Ra6+ $11 {The position is equal.} Kg7 {And now ...e4 would win.} 69. Ra7+ Kf6 {Hoping for ...e4.} 70. Ra6+ Kf7 {White must now prevent ...e4.} (70... Kg7 $5 {[%cal Re5e4]}) 71. Kf2 Rc2+ 72. Kg3 f4+ 73. Kh3 Rc3 74. Kg2 Kg7 75. Ra7+ Kg6 76. Ra6+ $1 Kf7 77. Rh6 Kg7 78. Rxh5 Kf6 79. Rh6+ Kf5 80. Rh8 Rc2+ 81. Kg1 Rc1+ (81... Rc3 $5 {[%cal Rc3f3]} 82. Kf2 Kg6 $11) 82. Kg2 {Accuracy: White = 82%, Black = 84%.} 1/2-1/2

[Event "Ilmar Raud Memorial 2020"]
[Site "Viljandi"]
[Date "2020.07.08"]
[Round "4.6"]
[White "Koykka, Pekka"]
[Black "Wartiovaara, Oliver"]
[Result "0-1"]
[WhiteElo "2390"]
[BlackElo "2190"]
[Annotator "TA"]
[PlyCount "114"]
[EventDate "2020.07.08"]
[EventCountry "EST"]
[SourceTitle "playchess.com"]
[Source "ChessBase"]
[SourceQuality "1"]

{[%evp 9,114,0,-9,-9,8,12,14,0,18,11,13,4,27,20,18,21,29,29,17,20,33,12,27,19,24,27,23,8,17,19,23,14,22,16,32,-47,-49,-39,22,-76,-73,-64,-52,-225,-54,-63,0,-239,-238,-262,-277,-318,-331,-331,-231,-257,-248,-249,-241,-239,-237,-210,-214,-203,-129,-380,-354,-1016,-954,-927,-853,-845,-845,-845,-845,-845,-797,-789,-774,-675,-701,-1135,-1093,-1352,-1049,-2699,-1008,-903,-903,-870,-851,-3641,-3043,-29975,-29977,-29982,-29983,-29983,-29984,-29984,-29985,-29985,-29986,-29986,-29987,-29987,-29988]} 1. d4 Nf6 2. Bg5 e6 3. Nd2 c5 4. Ne4 d5 5. Nxc5 Bxc5 6. dxc5 {A45: Trompowsky Attack.} Qa5+ (6... Nbd7 {looks sharper.} 7. e3 O-O 8. Nf3 Nxc5 9. Qd4 Nce4) 7. Qd2 Qxc5 8. Bxf6 {The position is equal.} gxf6 9. e3 Nc6 10. Ne2 Bd7 11. Nf4 Ne5 {[#]} 12. Be2 $146 ({Predecessor:} 12. Rc1 Rc8 13. Be2 Ke7 14. O-O Bb5 15. Rfd1 Bxe2 16. Qxe2 Rhg8 17. e4 Qc4 18. Re1 Qxe2 19. Rxe2 {0-1 (40) Haubt,G (2263)-Hannes,D (2105) Germany 2010}) 12... Rc8 13. c3 Bb5 14. O-O Ke7 15. Rfe1 (15. Rfd1 {is more complex.} Rhg8 16. Bh5 Rg7 17. Rac1 Kf8 18. b3) 15... Rhg8 16. Kh1 (16. Bh5 {looks sharper.} Qc7 17. Rac1 Kf8 18. Qd4 b6 19. Red1) 16... Bxe2 17. Rxe2 Rgd8 18. Qd1 b5 19. Rc2 Qc4 20. Rd2 a5 21. Rd4 Qc5 22. Qh5 (22. a3 $14) 22... b4 $1 $15 23. cxb4 axb4 (23... Qc2 $1 $15) 24. h3 (24. Rad1 $11 {keeps the balance.}) 24... Qc2 $17 25. Qh4 Qxb2 26. Rf1 $2 (26. Rg1 $1 $15) 26... Nc6 $2 (26... Qxa2 27. Rxb4 Qc2 28. Ra1 $15) (26... Rc1 $19 27. Rxc1 Qxc1+ 28. Kh2 Rg8) 27. Rdd1 $15 Qxa2 (27... Qc2 $15) 28. Qxh7 $2 {White is now going downhill.} (28. Nh5 $1 $11) 28... Ne5 $19 29. Qh4 {intending Nh5.} Qc4 30. f3 b3 31. e4 dxe4 32. Nh5 {[#]} Rxd1 $1 33. Qxf6+ {[#]} Kd7 $1 34. Rxd1+ Nd3 35. fxe4 {Nf4 is the strong threat.} ({Much weaker is} 35. Qxf7+ Kc6 $17) 35... Kc6 36. Kh2 ({Reject} 36. Qxf7 b2) 36... Kb5 ({Weaker is} 36... Qxe4 37. Qc3+ Nc5 38. Nf6 $11) 37. Ng3 $2 {[%mdl 8192]} (37. Qxf7 $17 Nc5 38. Ng3) 37... Qc2 38. Qxf7 $2 (38. Rf1 b2 39. Qxf7) 38... Qxd1 39. Qb7+ Ka4 {Threatens to win with ...Rc4.} 40. Qa6+ Kb4 41. Qb7+ Ka3 {Strongly threatening ...Rc2.} 42. Qa6+ Kb2 43. Qxc8 Kb1 44. Qxe6 b2 45. Nf5 Qd2 46. Qb6 Qf4+ {[%mdl 64] Double Attack} 47. Kh1 Qc1+ (47... Kc1 $142 48. Qc6+ Kd2) 48. Kh2 Qc5 49. Qb3 Qc7+ 50. Kh1 Nc1 51. Qa3 Ne2 {Black mates.} 52. h4 Qc1+ 53. Kh2 Qg1+ 54. Kh3 Qh1+ 55. Kg4 Qxg2+ {[%mdl 64] Double Attack} 56. Ng3 Qxg3+ 57. Qxg3 Nxg3 {Accuracy: White = 54%, Black = 74%.} 0-1

[Event "Ilmar Raud Memorial 2020"]
[Site "Viljandi"]
[Date "2020.07.09"]
[Round "5.1"]
[White "Meshkovs, Nikita"]
[Black "Neiksans, Arturs"]
[Result "0-1"]
[WhiteElo "2582"]
[BlackElo "2557"]
[Annotator "TA"]
[PlyCount "112"]
[EventDate "2020.07.08"]
[EventCountry "EST"]
[SourceTitle "playchess.com"]
[Source "ChessBase"]
[SourceQuality "1"]

{[%evp 15,112,0,23,0,0,0,0,0,22,-12,0,0,0,-6,0,0,0,0,0,0,0,0,19,19,27,24,26,18,33,26,33,19,29,0,10,13,27,0,22,33,40,0,0,-20,-20,-78,-10,-9,-16,-9,-26,-63,-64,-63,-50,-68,-58,-34,-16,-16,-25,-59,-58,-57,-57,-202,-202,-185,-202,-202,-202,-202,-202,-202,-202,-202,-202,-210,-210,-210,-210,-225,-188,-349,-297,-369,-354,-351,-351,-351,-351,-1309,-509,-1481,-1362,-1319,-8,-1310,-733]} 1. d4 Nf6 2. c4 e6 3. Nc3 Bb4 4. e3 O-O 5. Bd3 d5 6. cxd5 exd5 7. Nge2 b6 8. O-O Bb7 $1 {The main line 8...Bb7 scores better than 8...Re8.} 9. Nf4 {E48: Nimzo-Indian: Rubinstein: 5 Bd3 d5 including 6 Ne2, but excluding 6 a3.} Re8 10. Bd2 Nbd7 11. Rc1 {[#] The position is equal.} Be7 $146 ({Predecessor:} 11... a6 12. Qb3 c5 13. Bb1 Bxc3 14. Bxc3 c4 15. Qd1 b5 16. Qf3 a5 17. g4 b4 {1-0 (52) Gokbulut,J (2061)-Yerden,H (1951) Mersin 2017}) 12. Nce2 a6 13. b4 Ne4 14. Be1 Ndf6 15. Qc2 Rc8 16. a4 c5 17. bxc5 bxc5 18. dxc5 Bxc5 19. Qb2 Rb8 20. Nd4 Bd6 21. Qa2 Qd7 22. a5 g6 23. Bc2 {Black must now prevent Ba4.} Rec8 24. Qa1 {Threatening f3.} Qe7 25. Rb1 Qc7 26. g3 Be5 {Threatens to win with ...Bxd4.} 27. Bd3 Qd7 28. f3 Nd6 29. Nfe2 Nc4 30. f4 (30. Bxc4 $11 dxc4 31. e4) 30... Bd6 (30... Bc7 $1 $17 31. Nc2 Ne4) 31. Nf5 $1 $11 Be7 32. Nxe7+ Qxe7 33. Bxc4 dxc4 34. Qe5 Qxe5 35. fxe5 Ng4 36. Bc3 Be4 37. Rb6 $1 Nxe3 {Hoping for ...Rxb6.} 38. Rff6 Nd5 $36 {[%mdl 2048] Black is pushing.} 39. Rxb8 Rxb8 40. Rxa6 {[#] Black keeps a firm grip on the game.} (40. Rd6 $1 $15) 40... Bd3 $1 $19 {[%cal Rd3e2]} 41. Rd6 Nxc3 42. Nxc3 {[%mdl 4096] Endgame KRB-KRN} Rb3 43. a6 Rxc3 {KRB-KR} 44. a7 Be4 {aiming for ...Ra3.} 45. Rd8+ Kg7 46. a8=Q Bxa8 47. Rxa8 {KR-KR} Rc1+ 48. Kg2 Rc2+ 49. Kh3 $2 {[#]} (49. Kf3) 49... h5 $1 50. Rc8 g5 51. Rc6 Kf8 52. Rc7 Ke8 53. Ra7 $2 (53. g4 Rc3+ 54. Kg2 hxg4 55. Rc6) 53... c3 (53... g4+ $142 54. Kh4 Rxh2+ 55. Kg5 c3) 54. Rc7 (54. g4 $142 hxg4+ 55. Kxg4) 54... g4+ 55. Kh4 Rxh2+ 56. Kg5 c2 {Accuracy: White = 65%, Black = 89%.} 0-1

[Event "Ilmar Raud Memorial 2020"]
[Site "Viljandi"]
[Date "2020.07.09"]
[Round "5.2"]
[White "Kulaots, Kaido"]
[Black "Laurusas, Tomas"]
[Result "1/2-1/2"]
[WhiteElo "2524"]
[BlackElo "2511"]
[Annotator "TA"]
[PlyCount "78"]
[EventDate "2020.07.08"]
[EventCountry "EST"]
[SourceTitle "playchess.com"]
[Source "ChessBase"]
[SourceQuality "1"]

{[%evp 9,78,0,10,-17,-14,0,-12,-13,0,-17,11,4,39,34,22,19,14,30,44,41,49,51,58,54,53,54,54,52,54,53,55,54,55,51,57,55,53,42,53,37,56,54,61,0,2,0,0,0,0,0,0,0,0,0,0,0,0,0,0,0,0,0,0,0,0,0,0,0,0,0,0]} 1. e4 e5 2. Bc4 Nf6 3. d3 c6 4. Nf3 d5 5. Bb3 Bb4+ 6. Nbd2 {C24: Bishop's Opening: 2...Nf6.} Nbd7 7. O-O O-O 8. c3 Bd6 9. Re1 {[#]} Re8 $146 ({Predecessor:} 9... Qc7 10. Nf1 Re8 11. Ng3 b6 12. Nf5 Bf8 13. d4 exd4 14. exd5 Rxe1+ 15. Qxe1 Nc5 16. N5xd4 Nxb3 17. axb3 Nxd5 {½-½ (48) Artemiev,V (2746)-So,W (2767) chess.com INT 2019}) 10. d4 exd4 11. cxd4 {Strongly threatening e5.} dxe4 12. Ng5 $1 {[%csl LRe4,LRf7][%mdl 64] [#] Double Attack} Rf8 13. Ndxe4 Nxe4 14. Nxe4 Nf6 15. Bg5 Be7 $1 16. Qf3 Nxe4 17. Bxe7 Qxe7 18. Rxe4 Be6 19. Bxe6 fxe6 20. Qb3 Rf6 21. Rae1 {[%cal Re4e6]} Re8 22. Re5 h6 23. R1e4 Qf7 24. Qe3 Rd8 25. h3 {[%cal Re5e6]} Rd6 26. f4 ({White should play} 26. a3 $14) 26... Rf5 $11 {The position is equal.} 27. Kh2 {[%cal Re5e6]} Rxe5 28. dxe5 {[%mdl 4096] Endgame KQR-KQR} Rd5 29. Qxa7 Rd2 {Hoping for ...Qg6!} 30. Rd4 Kh7 31. Qb6 Qf5 32. Rxd2 Qxf4+ {[%mdl 64] [#] Double Attack} 33. Kh1 Qxd2 34. Qxb7 {KQ-KQ} Qe1+ 35. Kh2 Qxe5+ 36. Kh1 Qd5 37. a3 e5 38. Qb4 e4 39. Qc3 Kh8 {Accuracy: White = 93%, Black = 93%.} 1/2-1/2

[Event "Ilmar Raud Memorial 2020"]
[Site "Viljandi"]
[Date "2020.07.09"]
[Round "5.3"]
[White "Sepp, Olav"]
[Black "Kuznetsov, Andrei S."]
[Result "1/2-1/2"]
[WhiteElo "2410"]
[BlackElo "2220"]
[Annotator "TA"]
[PlyCount "36"]
[EventDate "2020.07.08"]
[EventCountry "EST"]
[SourceTitle "playchess.com"]
[Source "ChessBase"]
[SourceQuality "1"]

{[%evp 19,20,0,2]} 1. g3 e5 2. c4 Nc6 3. Bg2 g6 4. Nc3 Bg7 5. d3 d6 6. Rb1 a5 7. a3 f5 8. e3 Nf6 9. Nge2 O-O 10. O-O Ne7 {[#]} {Predecessor:} 11. f4 $146 {A25: English Opening vs King's Indian with ...Nc6 but without early d3.} exf4 12. Nxf4 c6 13. Bd2 Qe8 14. Na4 Ra6 15. c5 d5 16. Nb6 g5 17. Nxc8 Nxc8 18. Nh3 Qg6 {1-0 (38) Cruz Estrada,F (2314)-Fernandez Cardoso,A (2439) Barcelona 2018} 1/2-1/2

[Event "Ilmar Raud Memorial 2020"]
[Site "Viljandi"]
[Date "2020.07.09"]
[Round "5.4"]
[White "Pohjala, Henri"]
[Black "Keso, Elias"]
[Result "1-0"]
[WhiteElo "2358"]
[BlackElo "2301"]
[Annotator "TA"]
[PlyCount "103"]
[EventDate "2020.07.08"]
[EventCountry "EST"]
[SourceTitle "playchess.com"]
[Source "ChessBase"]
[SourceQuality "1"]

{[%evp 9,103,17,13,13,32,17,34,18,33,16,8,11,34,9,37,34,20,6,12,0,0,-1,35,6,30,4,12,20,78,78,91,81,120,115,118,105,138,138,130,125,159,159,159,159,155,158,195,194,199,196,200,193,239,213,200,215,216,182,191,160,505,504,494,469,549,547,527,488,579,552,736,702,1121,1181,1097,1046,1251,1197,5514,5727,29971,29972,29971,29973,29977,29978,29976,29979,29982,29983,29983,29982,29985,29986,29986,29985]} 1. d4 g6 2. g3 Bg7 3. Bg2 c5 4. c3 Qa5 5. Nf3 cxd4 6. Nxd4 {A40: Unusual replies to 1 d4.} Nf6 7. O-O O-O 8. e4 {White is slightly better.} d6 {[#]} 9. b3 $146 ({Predecessor:} 9. h3 Nc6 10. Be3 Rd8 11. c4 Bd7 12. Nd2 Rac8 13. a3 Nxd4 14. Bxd4 b5 15. Bc3 {½-½ (33) Olafsson,F (2416)-Navara,D (2710) Reykjavik 2013}) 9... Rd8 10. Bb2 e5 11. Nc2 Bg4 12. Qd2 Nc6 13. h3 Be6 14. c4 Qxd2 15. Nxd2 Bh6 16. Rfd1 Nd7 17. Nf1 Nc5 18. Nfe3 Bxe3 (18... a6 $11) 19. Nxe3 $16 {White now steadily converts the win.} a5 20. Bc3 Bc8 21. Rd2 Ne6 22. Nc2 Kf8 23. Rad1 Ke7 24. Ne3 Ned4 25. Nd5+ (25. Bxd4 $6 Nxd4 26. Nd5+ Kf8 $14) 25... Kf8 {[#]} 26. Nc7 $1 $36 {[%cal Rc7a8][%mdl 2048] White is really pushing.} ({Don't play} 26. Bxd4 $6 Nxd4 27. Nc3 Be6 $14) 26... Rb8 27. Nb5 ({Much weaker is} 27. Bxd4 $6 Nxd4 28. Nb5 Nxb5 $11) 27... b6 28. Nxd4 Nxd4 29. Bxd4 exd4 30. Rxd4 f6 31. Rxd6 Rxd6 32. Rxd6 $18 {[%mdl 4096] Endgame KRB-KRB} Ke7 33. Rd4 Be6 34. Bf1 Rd8 $2 (34... a4 $16 {is tougher.} 35. Kg2 axb3 36. axb3 Ra8) 35. Rxd8 Kxd8 {KB-KB} 36. a3 {[%cal Ba2a3,Ba3b4,Bb4b5][%mdl 32]} Kc7 37. b4 Kd6 {[#]} 38. f4 $1 g5 39. Kf2 axb4 40. axb4 h6 41. Ke3 Bd7 42. Kd4 Bc6 43. h4 gxh4 44. gxh4 Ke6 45. b5 {White mates.} Bb7 46. Bh3+ Ke7 47. e5 Bf3 48. c5 fxe5+ 49. fxe5 bxc5+ 50. Kxc5 Bb7 51. Kb6 Bd5 52. Kc7 {Accuracy: White = 88%, Black = 49%.} 1-0